000 00373nam a22001337a 4500
005 20250725133231.0
008 250725b |||||||| |||| 00| 0 eng d
020 _a9780830814527
050 _aREF BS501
_b.A1 HIS
245 _aHISTORICAL HANDBOOK OF MAJOR BIBLICAL INTERPRETERS
260 _aLEICESTER
_bINTERVARSITY PRESS
_cc1998
300 _axix, 643p
942 _2lcc
_cBK
_n0
999 _c7173
_d7173